000 01113nac a22002771i 4500
003 EG-ScBUE
005 20241023092357.0
008 241023s1965 nyua f b 001 0 eng d
020 _a0486612724
040 _aEG-ScBUE
_beng
_erda
_cEG-ScBUE
_dEG-ScBUE
082 0 4 _a517.5083
_bABR
_222
100 1 _aAbramowitz, Milton,
_eauthor.
245 1 0 _aHandbook of mathematical functions :
_bwith formulas, graphs, and mathematical tables /
_cedited by Milton Abramowitz and Irene A. Stegun.
264 1 _aNew York :
_bDover Publications,
_c1965.
300 _axiv, 1046 pages :
_billustrations ;
_c27 cm
336 _2rdacontent
_atext
_btxt
337 _aunmediated
_2rdamedia
_bn
338 _avolume
_bnc
_2rdacarrier
500 _a"Unaltered, unabridged republication of
_a55, National Bureau of Standards, Applied mathematics series (1964) corrected edition."--p. [iv] of cover.
504 _aIncludes bibliographical references and index.
650 7 _aFunctions.
_2BUEsh
650 7 _aMathematics
_xTables.
_2BUEsh
655 _vReading book
700 1 _aStegun, Irene A.,
_eauthor.
942 _cNB
_2ddc
999 _c6320
_d6320